000 01341nam2a2200349 4500
001 RU\NLR\bibl\1773422
005 20250616132338.0
010 _a978-5-7510-0504-7
_9500
021 _aRU
_b2011-34965
_92492
035 _a(NLR Aleph) 001764199
090 _a1597292
_c1597292
100 _a20110526d2011 |||y0rusy50 ca
101 0 _arus
102 _aRU
105 _ay |||||||||
200 0 _aЧ. 2
210 _d2011
_aБ. м.
215 _a333, [1] с.
320 _aБиблиогр.: с. 304-330 (327 назв.)
461 0 _1001RU\NLR\bibl\1408092
_12001#$aЭволюция информационной деятельности$vЧ. 2
_91216836
_aСеменовкер, Б. А. (1935-)
_cМосква
_d2009
_fБ.А. Семеновкер
_nПашков дом
_oрукописная информация
_tЭволюция информационной деятельности
_vЧ. 2
606 1 _aАрхивы
_xИстория
_92093419
_3RU\NLR\auth\661570399
606 1 _aБиблиотеки
_xИстория
_92139013
_3RU\NLR\auth\661289477
606 1 _aМузеи
_xИстория
_92093425
_3RU\NLR\auth\661570401
686 _aЧ813(0)
686 _aЧ733(0)
686 _aЧ773(0)
801 0 _aRU
_bNLR
_c20110526
_gRCR
801 1 _aRU
_bNLR
_c20110526
942 _cBOOK
980 _aNB
980 _aNBR